Mercados de tierras agrícolas en América Latina y el Caribe: una realidad incompleta
I tiakina i:
| Kaituhi matua: | |
|---|---|
| Hōputu: | Pukapuka |
| Reo: | Pāniora |
| I whakaputaina: |
Santiago
CEPAL
2003
|
| Rangatū: | Libros de la CEPAL, 74
|
| Ngā marau: | |
| Ngā Tūtohu: |
Tāpirihia he Tūtohu
Kāore He Tūtohu, Me noho koe te mea tuatahi ki te tūtohu i tēnei pūkete!
|
MARC
| LEADER | 00000nam a2200000 a 4500 | ||
|---|---|---|---|
| 001 | UCL5203 | ||
| 003 | CL-VaPUC | ||
| 005 | 20241114123419.0 | ||
| 008 | 040305e20030700CL |||||||||||||||||spa|d | ||
| 999 | |c 307861 |d 307859 | ||
| 020 | |a 9213222076 | ||
| 040 | |c Pontificia Universidad Católica de Valparaíso | ||
| 082 | 0 | 4 | |a 333.335 |b TEJ |2 21 |
| 100 | 0 | |a Tejo, Pedro |e author |9 482923 | |
| 245 | 1 | 0 | |a Mercados de tierras agrícolas en América Latina y el Caribe: una realidad incompleta |
| 260 | |a Santiago |b CEPAL |c 2003 | ||
| 300 | |a 452 p | ||
| 490 | 0 | |a Libros de la CEPAL, 74 | |
| 583 | |a last modification |c 20040305 00:00:00 |k Rodrigo Vera | ||
| 650 | 0 | |a Tierras agrícolas |x Zonas rurales |x Industria agrícola |9 404463 | |
| 650 | 0 | |a Política agraria |9 264819 |x Derechos del agua | |
| 651 | 7 | |a América Latina |2 CL-VaPUC |9 255533 |z Caribe | |
| 942 | |c BK |2 ddc | ||
| 945 | |d 20040305 00:00:00 |a cmena | ||
| 952 | |0 0 |1 0 |4 0 |6 333_335000000000000_TEJ_2003 |7 0 |8 A |9 373996 |a BIBAGR |b BIBAGR |d 2019-11-21 |i 3964760 |o 333.335 TEJ 2003 |p 3964760 |r 2025-01-20 |w 2019-11-21 |y BK |k AGR | ||